Encyclopedia of applied physics. combustion to diamagnetism / V.4 :

Kaydedildi:
Detaylı Bibliyografya
Materyal Türü: Kitap
Dil:English
Baskı/Yayın Bilgisi: New York : VCH, 1992.
Konular:
Etiketler: Etiketle
Etiket eklenmemiş, İlk siz ekleyin!
Thư viện lưu trữ: Mạng thư viện Đại học Đà Nẵng
LEADER 01031cam a2200361 i 4500
001 000048511
003 8230
005 20030331141754.0
008 010322|1992 vm 000 eng
020 |a 1560810637 
040 |a IRC  |c IRC  |d IRC 
041 0 |a eng 
082 1 4 |a 530.03  |b En-A 
245 0 0 |a Encyclopedia of applied physics.  |n V.4 :  |b combustion to diamagnetism /  |c Edited by George L. Trigg ; associate editors, Eduardo S. Vera, Walter Greulich. 
260 |a New York :  |b VCH,  |c 1992. 
300 |a xi, 573 p. :  |b ill. ;  |c 25.5cm. 
630 0 4 |a Physics. 
630 0 4 |a Engineering. 
630 0 4 |a Encyclopedias. 
650 0 4 |a Physics  |v Encyclopedias. 
650 0 4 |a Encyclopedia. 
650 0 4 |a Physics  |v Encyclopedias  |v Indexes. 
650 0 4 |a Engineering  |v Encyclopedias  |v Indexes. 
OWN |a DUT 
999 |a From the UDN01 
TYP |a Monograph 
TYP |a Printed language 
980 |a Mạng thư viện Đại học Đà Nẵng